Diari segreti /

में बचाया:
ग्रंथसूची विवरण
मुख्य लेखक: Wittgenstein, Ludwig (लेखक)
अन्य लेखक: Funtò, Fabrizio
स्वरूप: पुस्तक
भाषा:इतालवी
प्रकाशित: Roma \ecc.! : Laterza, \1987!
श्रृंखला:Sagittari Laterza ; 6
विषय:
टैग: टैग जोड़ें
कोई टैग नहीं, इस रिकॉर्ड को टैग करने वाले पहले व्यक्ति बनें!

MARC

LEADER 00000nam a2200000 i 4500
001 IT\ICCU\CFI\0120986
003 ItRI
005 20260115231909.0
008 900427s1987 it |||||| ||||| |||||c
015 |2 IT  |a 90-2467 
020 |a 8842028312 
040 |b ita  |c importazione bologna sebina 
041 7 |a ita  |2 ISO-639-2 
082 |a 193  |9 FILOSOFIA OCCIDENTALE MODERNA. GERMANIA E AUSTRIA  |2 19 
100 1 |a Wittgenstein, Ludwig  |0 IT\ICCU\CFIV\002659  |4 aut 
245 1 0 |a Diari segreti /  |c Ludwig Wittgenstein ; a cura di Fabrizio Funtò ; introduzione di Aldo G. Gargani. 
260 |a Roma \ecc.! :  |b Laterza,  |c \1987! 
300 |a 143 p. ;  |c 21 cm 
500 |a Trad. di F. Funtò. 
650 7 |a Filosofia  |x Germania  |x Sec. 19.-20.  |x Biografie  |2 scbi 
650 7 |a Wittgenstein, Ludwig  |x Diari e memorie  |x 1914-1916  |2 scbi 
700 1 |a Funtò, Fabrizio  |0 IT\ICCU\CFIV\074528 
830 0 |a Sagittari Laterza ;  |v 6  |0 IT\ICCU\CFI\0014078 
942 |2 ddc  |c BK  |n 0 
952 |0 0  |1 0  |4 0  |6 DOC_193_000000000000000_WIT  |7 0  |9 15728  |a BO  |b BO  |d 2026-01-15  |i 15531  |l 0  |o DOC 193 WIT  |p BO15531  |r 2026-01-15 23:19:09  |w 2026-01-15  |x [Sebina 5] [1 v.]  |y BK  |z 1 v. 
999 |c 13530  |d 13530